header

Compassionate confinement (Record no. 47917)

MARC details
000 -LEADER
fixed length control field 01877nam a2200385 a 4500
082 04 - DEWEY DECIMAL CLASSIFICATION NUMBER
Classification number 365/.420973
100 1# - MAIN ENTRY--AUTHOR NAME
Personal name Abrams, Laura S.
245 10 - TITLE STATEMENT
Title Compassionate confinement
260 ## - PUBLICATION, DISTRIBUTION, ETC. (IMPRINT)
Place of publication New Brunswick, N.J. :
Name of publisher Rutgers University Press,
Year of publication c2012.
300 ## - PHYSICAL DESCRIPTION
Number of Pages xii, 169 p.
505 0# - FORMATTED CONTENTS NOTE
Formatted contents note History and current tensions in juvenile corrections -- The setting -- Mixed messages: "Therapy speak" in a correctional milieu -- "Take it like a man" : masculinities, treatment, and crime -- "Jumping through hoops": identity, self-preservation, and change -- On the outs -- Rehabilitating rehabilitation: what we learned from Unit C.
650 #0 - SUBJECT ADDED ENTRY--TOPICAL TERM
Topical Term Juvenile corrections
Topical Term Juvenile detention homes
Topical Term Juvenile delinquents
700 1# - ADDED ENTRY--PERSONAL NAME
Personal name Anderson-Nathe, Ben.
856 40 - ELECTRONIC LOCATION AND ACCESS
Uniform Resource Identifier http://site.ebrary.com/lib/rucke/Doc?id=10635023

No items available.

© 2026 Rongo University
Contact us: librarian | system librarian | Rongo university